| 000 | 00391nam a2200145Ia 4500 | ||
|---|---|---|---|
| 008 | 230711s9999||||xx |||||||||||||| ||und|| | ||
| 041 | _aENG | ||
| 082 |
_a624 _bTA-S |
||
| 100 | _aTaranath,Bungale S | ||
| 245 | 0 | _aStructural analysis and design of tall buildings | |
| 250 | _a1st Ed. | ||
| 260 |
_c1988 _aNew York _bTata McGraw Hill Education Limited |
||
| 650 | _aArchitecture | ||
| 942 | _cBK | ||
| 999 |
_c1042 _d1042 |
||